Physical geography (Record no. 156927)

MARC details
000 -LEADER
fixed length control field 00346nam a2200145Ia 4500
008 - FIXED-LENGTH DATA ELEMENTS--GENERAL INFORMATION
fixed length control field 230917s9999||||xx |||||||||||||| ||und||
040 ## - CATALOGING SOURCE
-- 179934
Original cataloging agency VIVEKANANDA LIBRARY
041 ## - Language
-- English
082 ## - DDC NUMBER
Classification number 910.02 P569P
100 ## - MAIN ENTRY--PERSONAL NAME
Personal name Ahmad, A
245 #0 - TITLE STATEMENT
Title Physical geography
260 ## - PUBLICATION, DISTRIBUTION, ETC. (IMPRINT)
Place of publication, distribution, etc New Delhi
Name of publisher, distributor, etc Omega Publications
Date of publication, distribution, etc 2011
300 ## - PHYSICAL DESCRIPTION
Pages 298 p.
942 ## - ADDED ENTRY ELEMENTS (KOHA)
Koha item type Books
Holdings
Withdrawn status Lost status Damaged status Not for loan Location (home branch) Sublocation or collection (holding branch) Shelving location Date acquired Koha issues (times borrowed) Koha full call number Accession No. Koha date last seen Koha item type
        VIVEKANANDA LIBRARY VIVEKANANDA LIBRARY Geography Department 16/02/2011   910.02 P569P 284681 17/09/2023 Books
        VIVEKANANDA LIBRARY VIVEKANANDA LIBRARY   16/02/2011   910.02 P569P 326480 17/09/2023 Books
© Designed and Maintained by Vivekananda Library, MDU Rohtak